000 00835 a2200229 4500
005 20080908144212.0
008 080908t xxu||||| |||| 00| 0 eng d
010 _aENG-87645
020 _a007146672X
_c299.00
035 _aEN-71178
037 _bDBAD / PUB
082 _a658.407124
100 _aSugars, Bradley J.
245 _aThe business coach
_cBradley J. Sugars.
260 _aNew Delhi
_bTata McGraw-Hill Publishing
_c2007
300 _axvii, 225 p.
_bill.
_c23 cm.
490 _aInstant success series
650 _aExecutive coaching.
650 _aMentoring in business.
942 _adpl
_cEN
_k658.407124 / SUG
_2ddc
_h658.407124
_mSUG
999 _c6779
_d6779